| 000 | 00607nam a2200205Ia 4500 | ||
|---|---|---|---|
| 003 | IN-BaIIA | ||
| 008 | 211028s9999 xx 000 0 eng d | ||
| 020 | _a0-07-010934-6 | ||
| 040 | _cIIA Library | ||
| 080 |
_a621.38 _bCHU |
||
| 100 |
_aChute, G. M. _916706 |
||
| 245 | 0 |
_aElectronics in industry _cG. M. Chute and R. D. Chute |
|
| 250 | _a5th ed. | ||
| 260 |
_aAuckland _bMcGraw-Hill _c1981 |
||
| 300 | _ax, 561p. | ||
| 490 | _aElectrical and electronic engineering series | ||
| 650 |
_aElectronics _91576 |
||
| 700 |
_aChute, R. D _916707 |
||
| 942 | _cBK | ||
| 999 |
_c9856 _d9856 |
||